| 000 | 00398nam a2200133Ia 4500 | ||
|---|---|---|---|
| 008 | 220217s9999||||xx |||||||||||||| ||und|| | ||
| 020 | _a81-7808-260-8 | ||
| 082 | _a005.14 LEF | ||
| 100 |
_aLeffingwell, Dean Widrig, Don _93048 |
||
| 245 | 0 | _aManaging softwere requirements: a unified approach | |
| 260 |
_aPearson education asia _bDelhi _c2002 |
||
| 300 | _b400 | ||
| 650 | _aSOFTWARE TESTING | ||
| 999 |
_c170749 _d170749 |
||